<?xml version="1.0" encoding="UTF-8"?>
<record
    xmlns:xsi="http://www.w3.org/2001/XMLSchema-instance"
    xsi:schemaLocation="http://www.loc.gov/MARC21/slim http://www.loc.gov/standards/marcxml/schema/MARC21slim.xsd"
    xmlns="http://www.loc.gov/MARC21/slim">

  <leader>00967nam0a2200277   4500</leader>
  <controlfield tag="001">RU\NLR\BIBL_A\010398224</controlfield>
  <controlfield tag="005">20250810065828.0</controlfield>
  <datafield tag="035" ind1=" " ind2=" ">
    <subfield code="a">(NLR Aleph) 010398224</subfield>
  </datafield>
  <datafield tag="090" ind1=" " ind2=" ">
    <subfield code="a">9697804</subfield>
    <subfield code="c">9697804</subfield>
  </datafield>
  <datafield tag="100" ind1=" " ind2=" ">
    <subfield code="a">20140610d1945    u  y0rusy50      ca</subfield>
  </datafield>
  <datafield tag="101" ind1="0" ind2=" ">
    <subfield code="a">sah</subfield>
  </datafield>
  <datafield tag="102" ind1=" " ind2=" ">
    <subfield code="a">RU</subfield>
  </datafield>
  <datafield tag="105" ind1=" " ind2=" ">
    <subfield code="a">y||||||||||||</subfield>
  </datafield>
  <datafield tag="200" ind1="1" ind2=" ">
    <subfield code="a">&#x411;&#x430;&#x441;&#x442;&#x44B;&#x4A5;&#x43D;&#x430;&#x440; &#x4AF;&#x473;&#x440;&#x4AF;&#x439;&#x44D;&#x445;&#x442;&#x44D;&#x440;&#x438;&#x43D; - &#x431;&#x430;&#x440;&#x44B; &#x43A;&#x43E;&#x43B;&#x445;&#x43E;&#x437;&#x442;&#x430;&#x440;&#x433;&#x430;</subfield>
    <subfield code="f">&#x421;&#x430;&#x445;&#x430; &#x410;&#x421;&#x421;&#x420; &#x41D;&#x430;&#x440;&#x43A;&#x43E;&#x43C;&#x437;&#x435;&#x43C;&#x430;</subfield>
  </datafield>
  <datafield tag="210" ind1=" " ind2=" ">
    <subfield code="a">&#x42F;&#x43A;&#x443;&#x442;&#x441;&#x43A;&#x430;&#x439;</subfield>
    <subfield code="c">&#x421;&#x410;&#x421;&#x421;&#x420; &#x413;&#x43E;&#x441;&#x438;&#x437;&#x434;&#x430;&#x442;&#x430;</subfield>
    <subfield code="d">1945</subfield>
  </datafield>
  <datafield tag="215" ind1=" " ind2=" ">
    <subfield code="a">37,[2] &#x441;</subfield>
    <subfield code="d">15</subfield>
  </datafield>
  <datafield tag="300" ind1=" " ind2=" ">
    <subfield code="a">&#x411;&#x435;&#x437; &#x442;&#x438;&#x442;. &#x43B;. &#x41E;&#x43F;&#x438;&#x441;&#x430;&#x43D;&#x43E; &#x43F;&#x43E; &#x43E;&#x431;&#x43B;.</subfield>
  </datafield>
  <datafield tag="541" ind1="1" ind2=" ">
    <subfield code="a">&#x41E;&#x43F;&#x44B;&#x442; &#x43F;&#x435;&#x440;&#x435;&#x434;&#x43E;&#x432;&#x438;&#x43A;&#x43E;&#x432; - &#x432;&#x441;&#x435;&#x43C; &#x43A;&#x43E;&#x43B;&#x445;&#x43E;&#x437;&#x430;&#x43C;</subfield>
    <subfield code="z">rus</subfield>
  </datafield>
  <datafield tag="686" ind1="1" ind2=" ">
    <subfield code="a">&#x423;9(2)321.81</subfield>
  </datafield>
  <datafield tag="852" ind1=" " ind2=" ">
    <subfield code="a">NLR</subfield>
    <subfield code="b">&#x41E;&#x41D;&#x41B;</subfield>
    <subfield code="j">&#x42F;&#x43A;&#x443;&#x442;./1-104</subfield>
  </datafield>
  <datafield tag="852" ind1=" " ind2=" ">
    <subfield code="a">NLR</subfield>
    <subfield code="b">&#x41E;&#x41D;&#x41B;</subfield>
    <subfield code="j">&#x42F;&#x43A;&#x443;&#x442;./1-104</subfield>
  </datafield>
  <datafield tag="942" ind1=" " ind2=" ">
    <subfield code="c">BOOK</subfield>
  </datafield>
  <datafield tag="945" ind1=" " ind2=" ">
    <subfield code="a">&#x420;&#x43E;&#x441;&#x441;&#x438;&#x439;&#x441;&#x43A;&#x430;&#x44F; &#x43D;&#x430;&#x446;&#x438;&#x43E;&#x43D;&#x430;&#x43B;&#x44C;&#x43D;&#x430;&#x44F; &#x431;&#x438;&#x431;&#x43B;&#x438;&#x43E;&#x442;&#x435;&#x43A;&#x430;</subfield>
  </datafield>
  <datafield tag="980" ind1=" " ind2=" ">
    <subfield code="a">NB</subfield>
  </datafield>
  <datafield tag="980" ind1=" " ind2=" ">
    <subfield code="a">BV</subfield>
  </datafield>
  <datafield tag="995" ind1=" " ind2=" ">
    <subfield code="5">2014-06-10</subfield>
    <subfield code="b">NLR01</subfield>
    <subfield code="c">NLR01</subfield>
    <subfield code="e">ONL</subfield>
    <subfield code="f">1-382435</subfield>
    <subfield code="k">&#x41E;&#x41D;&#x41B; &#x42F;&#x43A;&#x443;&#x442;./1-104</subfield>
    <subfield code="o">0</subfield>
    <subfield code="r">BOOK</subfield>
    <subfield code="s">_1104</subfield>
  </datafield>
  <datafield tag="995" ind1=" " ind2=" ">
    <subfield code="5">2014-06-10</subfield>
    <subfield code="b">NLR01</subfield>
    <subfield code="c">NLR01</subfield>
    <subfield code="e">ONL</subfield>
    <subfield code="f">1-382436</subfield>
    <subfield code="k">&#x41E;&#x41D;&#x41B; &#x42F;&#x43A;&#x443;&#x442;./1-104</subfield>
    <subfield code="o">0</subfield>
    <subfield code="r">BOOK</subfield>
    <subfield code="s">_1104</subfield>
  </datafield>
</record>
